Responses for Show #4125 - Friday, July 5, 2002

(Sarah: Hi, I'm Sarah of the Clue Crew. We're coming to you today from the set of Men in Black II. You know, for some reason, we like Agent Jay best.)

Contestants

[<< previous game]

John Kupec, a networking consultant from San Diego, California

Shelley Forbess, a 7th-grade science teacher from El Dorado, Arkansas

Ted Hsu, a pharmacist from Augusta, Georgia (whose 1-day cash winnings total $14,399)

[next game >>]

Jeopardy! Round responses

MEN IN BLACK
(Alex: Yes, the motion picture.)
THE MIDDLE EAST
I MARRIED A STAR
THEATER TERMS
TIME
ROCK, PAPER OR SCISSORS
    $200 1
"the scum of the universe"

Ted
    $200 19
Islam

Shelley
    $200 9
Tom Hanks

Shelley
    $200 7
the curtain

Shelley
    $200 6
daylight savings time

John
    $200 22
rock

John
    $400 2
Linda Fiorentino

Ted
    $400 20
(John: I don't know.)

Yasser Arafat

ShelleyJohn
    $400 11
Dixie Carter

Ted
    $400 15
a trunk

Ted
    $400 8
(John: What is a...)

a time capsule

TedJohn
    $400 23
Paper

Shelley
    $600 3
removed their memories

John
    $600 21
Syria

Ted
    $600 12
David Kelley

Triple Stumper
    $1,600 16
(Ted: What is a reprise?)

a showstopper

Ted
    $600 10
a water clock

John
    $600 28
scissors

John
    $800 4
a pug

Shelley
    $800 24
Jordan

Triple Stumper
    $800 13
Mimi Rogers

Ted
    $800 17
the boards

John
    $800 26
(Ted: What is 5:00 a.m., Saturday?)
(Shelley: What is 5:00 p.m., Saturday?)

5:00 p.m., Thursday

TedShelley
Triple Stumper
    $800 29
paper

John
    $1000 5
(Ted: Who is Barry Sonnenstein... Sonnenfield?)

Barry Sonnenfeld

Ted
Triple Stumper
    $1000 25
the Ba'ath Party

Triple Stumper
    $1000 14
William Hurt

Triple Stumper
    $1000 18
(John: What are the floor boards?)

the apron

John
Triple Stumper
    $1000 27
the Julian calendar

Shelley
    $1000 30
rock

Shelley

Scores at the first commercial break (after clue 15):

Ted Shelley John
$1,600 $1,200 $1,000

Scores at the end of the Jeopardy! Round:

Ted Shelley John
-$200 $3,400 $2,000

Double Jeopardy! Round responses

POETS & POETRY
MED. ABBREV.
WORDS IN COMBINATION
ROCK
PAPER
CAESARS
    $400 6
Japan

Ted
    $400 1
a coronary care unit

Ted
    $400 14
(Alex: For "smog", yes.)

smoke & fog

Shelley
    $400 16
Ozzy Osbourne

Shelley
    $400 23
Le Monde

Shelley
    $400 7
Julius Caesar

Ted
    $800 9
Robert Frost

Ted
    $800 2
muscular dystrophy

Shelley
    $800 15
information commercial

John
    $800 18
Matchbox Twenty

Ted
    $800 24
Cherokee

Shelley
    $800 8
an emperor

Shelley
    $1200 11
(Robby) Burns

John
    $1200 3
carpal tunnel syndrome

Shelley
    $1200 17
chuckle & snort

Ted
    $1200 28
(Ted: Who is Sarah McLachlan?)

Melissa Etheridge

Ted
Triple Stumper
    $1200 25
The Oregonian

Triple Stumper
    $1200 10
the Praetorian Guard

John
    $1600 12
Old Ironsides

Shelley
    $1600 4
the Physician's Desk Reference

Shelley
    $1,800 19
the giraffe

Ted
    $1600 29
(John: Who are the Thompson Twins?)

The Black Crowes

John
Triple Stumper
    $1600 26
Nicaragua

Shelley
    $1,600 21
Caligula

Ted
    $2000 13
Langston Hughes

Triple Stumper
    $2000 5
a biopsy

Triple Stumper
    $2000 20
(Shelley: What are glitter and Ritz?)
[Originally ruled incorrect; reversed before the Daily Double at clue 21]

glamour & Ritz

TedShelley
    $2000 30
Genesis

Triple Stumper
    $2000 27
The Toronto Star

Triple Stumper
    $2000 22
Claudius

Ted

Scores at the end of the Double Jeopardy! Round:

Ted Shelley John
$10,000 $15,000 $3,600

[wagering suggestions for these scores]

Final Jeopardy! Round responses

19th CENTURY PRESIDENTS
(Alex: [To John] Succeeded Harrison.)
JohnWho is Tyler?
$3,600
TedWho was John Tyler
$5,000
ShelleyWho was Tyler?
$5,000
John Tyler

Final scores:

Ted Shelley John
$15,000 $20,000 $7,200
2nd place: $2,000 New champion: $20,000 3rd place: $1,000

Game dynamics:

Coryat scores:

Ted Shelley John
$11,400 $15,000 $3,600
17 R
(including 2 DDs),
4 W
(including 1 DD)
19 R,
1 W
10 R,
4 W

Combined Coryat: $30,000

[game clues] [game scores] [suggest correction]

Game tape date: 2002-02-27
The J! Archive is created by fans, for fans. Scraping, republication, monetization, and malicious use prohibited; this site may use cookies and collect identifying information. See terms. The Jeopardy! game show and all elements thereof, including but not limited to copyright and trademark thereto, are the property of Jeopardy Productions, Inc. and are protected under law. This website is not affiliated with, sponsored by, or operated by Jeopardy Productions, Inc. Join the discussion at JBoard.tv.